Biology / (Record no. 18681)
[ view plain ]
| 000 -LEADER | |
|---|---|
| fixed length control field | 00570nam a22001817a 4500 |
| 008 - FIXED-LENGTH DATA ELEMENTS--GENERAL INFORMATION | |
| fixed length control field | 240115b ||||| |||| 00| 0 eng d |
| 020 ## - INTERNATIONAL STANDARD BOOK NUMBER | |
| International Standard Book Number | 0073031208 |
| 082 ## - DEWEY DECIMAL CLASSIFICATION NUMBER | |
| Edition number | 2002 |
| Classification number | DC 570 |
| Item number | R19b |
| 100 ## - MAIN ENTRY--PERSONAL NAME | |
| Personal name | Raven, Peter H. |
| 9 (RLIN) | 50701 |
| 245 ## - TITLE STATEMENT | |
| Title | Biology / |
| Statement of responsibility, etc. | Peter H. Raven and George B. Johnson. |
| 250 ## - EDITION STATEMENT | |
| Edition statement | Sixth edition. |
| 260 ## - PUBLICATION, DISTRIBUTION, ETC. (IMPRINT) | |
| Place of publication, distribution, etc. | 2002 |
| Name of publisher, distributor, etc. | DC 570 |
| Date of publication, distribution, etc. | R19b |
| 300 ## - PHYSICAL DESCRIPTION | |
| Extent | xxix, 1238 pages : |
| Other physical details | color illustrations ; |
| Dimensions | 27 cm. |
| 500 ## - GENERAL NOTE | |
| General note | Includes appendix, glossary and index. |
| 650 ## - SUBJECT ADDED ENTRY--TOPICAL TERM | |
| Topical term or geographic name as entry element | Biology. |
| 9 (RLIN) | 50702 |
| 700 ## - ADDED ENTRY--PERSONAL NAME | |
| Personal name | Johnson, George B. |
| Relator term | author. |
| 9 (RLIN) | 50703 |
| 942 ## - ADDED ENTRY ELEMENTS (KOHA) | |
| Source of classification or shelving scheme | Dewey Decimal Classification |
| Koha item type | Circulation |
| Withdrawn status | Lost status | Source of classification or shelving scheme | Damaged status | Not for loan | Collection code | Home library | Current library | Date acquired | Total Checkouts | Full call number | Barcode | Date last seen | Price effective from | Koha item type |
|---|---|---|---|---|---|---|---|---|---|---|---|---|---|---|
| Dewey Decimal Classification | Circulation | UM Digos College - LIC | UM Digos College - LIC | 01/15/2024 | DC 570 R19b 2002 | 17577 | 05/15/2025 | 01/15/2024 | Circulation |
